El paraguas de la rectoría

Na minha lista:
Detalhes bibliográficos
Autor principal: Carroll, Lewis (Autor)
Formato: Livro
Idioma:espanhol
Publicado em: Barcelona Del Cotal 1979
Assuntos:
Tags: Adicionar Tag
Sem tags, seja o primeiro a adicionar uma tag!

MARC

LEADER 00000nam a2200000 a 4500
001 UCO4743
003 CL-VaPUC
008 000811e19790000SP |||||||||||||||||spa|d
082 0 4 |a 823  |b CAR  |2 21 
100 0 |a Carroll, Lewis  |e author  |9 266788 
245 1 3 |a El paraguas de la rectoría 
246 1 0 |a Cajón de sastre 
300 |a 190 p 
942 |c BK 
945 |d 20000811 00:00:00  |a crobeson 
260 |a Barcelona  |b Del Cotal  |c 1979 
500 |a Contiene ilustraciones del autor 
650 0 |a Cuentos ingleses  |9 265135 
650 0 |a Literatura inglesa  |9 312907 
583 |a last modification  |c 20000811 00:00:00  |k Rodrigo Vera 
999 |c 290741  |d 290739